Library Banner

Family law case library. (Record no. 103918)

MARC details
000 -LEADER
fixed length control field 00865cam a2200277 i 4500
001 - CONTROL NUMBER
control field 18895617
005 - DATE AND TIME OF LATEST TRANSACTION
control field 20180315105415.0
008 - FIXED-LENGTH DATA ELEMENTS--GENERAL INFORMATION
fixed length control field 151214s2015 enk w 001 0 eng
020 ## - INTERNATIONAL STANDARD BOOK NUMBER
International Standard Book Number 9781784731441 (pbk)
040 ## - CATALOGING SOURCE
Transcribing agency PK-LaUMT
082 ## - DEWEY DECIMAL CLASSIFICATION NUMBER
Classification number 346.015
Item number FAM-
245 00 - TITLE STATEMENT
Title Family law case library.
Statement of responsibility, etc edited by Charles Prest
250 ## - EDITION STATEMENT
Edition statement 3rd ed.
260 ## - PUBLICATION, DISTRIBUTION, ETC. (IMPRINT)
Place of publication, distribution, etc Bristol :
Name of publisher, distributor, etc Family Law,
Date of publication, distribution, etc 2015
300 ## - PHYSICAL DESCRIPTION
Extent lxxiii, 1136 p. ;
Dimensions 25 cm. +
Accompanying material 1 CD-ROM (4 3/4 in.)
500 ## - GENERAL NOTE
General note Includes index.
650 #0 - SUBJECT ADDED ENTRY--TOPICAL TERM
Topical term or geographic name as entry element Children
General subdivision Legal status, laws, etc.
Geographic subdivision England.
650 #0 - SUBJECT ADDED ENTRY--TOPICAL TERM
Topical term or geographic name as entry element Children
General subdivision Legal status, laws, etc.
Geographic subdivision Wales.
650 #0 - SUBJECT ADDED ENTRY--TOPICAL TERM
Topical term or geographic name as entry element Child welfare
Geographic subdivision England.
650 #0 - SUBJECT ADDED ENTRY--TOPICAL TERM
Topical term or geographic name as entry element Child welfare
Geographic subdivision Wales.
650 #0 - SUBJECT ADDED ENTRY--TOPICAL TERM
Topical term or geographic name as entry element Parent and child (Law)
Geographic subdivision England.
650 #0 - SUBJECT ADDED ENTRY--TOPICAL TERM
Topical term or geographic name as entry element Parent and child (Law)
Geographic subdivision Wales.
700 1# - ADDED ENTRY--PERSONAL NAME
Personal name Prest, Charles
700 1# - ADDED ENTRY--PERSONAL NAME
Personal name Wildblood, Stephen.,
942 ## - ADDED ENTRY ELEMENTS (KOHA)
Koha item type Books
Holdings
Withdrawn status Lost status Damaged status Home library Current library Date acquired Full call number Barcode Date last seen Price effective from Koha item type
      UMT Main Campus UMT Main Campus 2018-03-15 346.015 FAM- 120238 2018-03-15 2018-03-15 Books